000 00934nas a2200313 4500
001 BR2013008824
003 BR-BrBNA
005 20231205123201.0
007 ta
008 230509b bl.|||p| |||| 00| 00por d
040 _aBR-BrBNA
_bpor
_cBiblioteca Nacional de Agricultura
041 _a(Pt)
072 _aF03
100 1 _aOliveira, M.T.R. de
100 1 _aBerbert, P.A.
100 1 _aPereira, R. de C.
100 1 _aVieira, H.D.
100 1 _aThiébaut, J.T.L.
100 1 _aCarlesso, V. de O.
245 1 _aQualidade fisiológica e potencial de armazenamento de sementes de carambola
650 _aCARAMBOLA
650 _aFRUTA TROPICAL
650 _aGERMINAÇÃO
650 _aTESTE DE VIGOR
650 _aEMBALAGEM
773 0 _tRevista Brasileira de Sementes (Brazil)
_xISSN 0101-3122
_g(Jun 2009), v. 31(2) p. 236-244
_wBR2013008824
909 _a202311
_bLúcia
_c55
_dLúcia Elande
942 _2AGRIS
_n0
_cANA
999 _c232582
_d232582